[Event "Moscow Open A 2013"]
[Site "Moscow RUS"]
[Date "2013.02.06"]
[Round "5.12"]
[Board "12"]
[White "Nyzhnyk, Illya"]
[Black "Iljushin, Alexei"]
[Result "1/2-1/2"]
[WhiteTitle "GM"]
[BlackTitle "GM"]
[WhiteElo "2637"]
[BlackElo "2508"]
[WhiteFideId "14118084"]
[BlackFideId "4122178"]
[EventDate "2013.02.02"]

1. d4 e6 2. e4 d5 3. Nc3 Nf6 4. e5 Nfd7 5. f4 c5 6. Nf3 Nc6 7. Be3 Be7 8. Qd2
O-O 9. Be2 b6 10. O-O-O c4 11. f5 b5 12. f6 gxf6 13. Bh6 b4 14. Qf4 Kh8 15. Nb5
Rb8 16. exf6 Nxf6 17. Nxa7 Bd7 18. Bxf8 Bxf8 19. Ng5 Kg8 20. Bh5 Nxa7 21. Bxf7+
Kh8 22. Bg6 Kg7 23. Bxh7 Qe8 24. Rhf1 Nxh7 25. Rf3 e5 26. Qh4 Nxg5 27. Qxg5+ Kh7
28. Rdf1 Qg6 29. Qxg6+ Kxg6 30. Rf6+ Kg7 31. Rf7+ Kg8 32. Rxd7 Nc6 33. dxe5 Nxe5
34. Rxd5 Bg7 35. Re1 Ng6 36. Re4 c3 37. bxc3 bxc3 38. Rg4 Rb6 39. a4 Rf6 40. Kb1
Ne7 41. Rb5 Rf1+ 42. Ka2 Rf2 43. Kb3 Nf5 44. Rbb4 Ne3 45. Rg3 Nxc2 46. Rb8+ Kh7
47. Rh3+ Kg6 48. Rb6+ Kf5 49. Rf3+ 1/2-1/2

[Event "Moscow Open A 2013"]
[Site "Moscow RUS"]
[Date "2013.02.06"]
[Round "5.13"]
[Board "13"]
[White "Bryzgalin, Kirill"]
[Black "Ganguly, Surya Shekhar"]
[Result "0-1"]
[WhiteTitle "GM"]
[BlackTitle "GM"]
[WhiteElo "2483"]
[BlackElo "2626"]
[WhiteFideId "4133285"]
[BlackFideId "5002150"]
[EventDate "2013.02.02"]

1. d4 d5 2. c4 dxc4 3. Nf3 Nf6 4. Qa4+ Nc6 5. e3 Nd7 6. Qxc4 e5 7. dxe5 Ndxe5 8.
Nxe5 Nxe5 9. Qc2 Bg4 10. Nd2 Qd7 11. h3 Bh5 12. Qe4 O-O-O 13. g4 Bg6 14. Qxe5
Bb4 15. Qd4 Qa4 16. Qc4 Qa5 17. Be2 Bxd2+ 18. Kf1 Rhe8 19. Bxd2 Rxd2 20. b4 Qb6
21. Rc1 Qd6 22. a3 a6 23. Qc3 Be4 24. Rg1 Rd8 25. Rg3 Bc6 26. g5 Kb8 27. h4 Ka8
28. h5 Qd5 29. e4 Qxe4 30. Bf3 Qf4 31. Qe3 Rxf2+ 0-1

[Event "Moscow Open A 2013"]
[Site "Moscow RUS"]
[Date "2013.02.06"]
[Round "5.14"]
[Board "14"]
[White "Venkatesh, M.R."]
[Black "Guseinov, Gadir"]
[Result "0-1"]
[WhiteTitle "GM"]
[BlackTitle "GM"]
[WhiteElo "2501"]
[BlackElo "2623"]
[WhiteFideId "5005779"]
[BlackFideId "13401378"]
[EventDate "2013.02.02"]

1. Nf3 g6 2. d4 Nf6 3. Bg5 Bg7 4. Nbd2 d6 5. c3 h6 6. Bh4 g5 7. Bg3 Nh5 8. e3 e6
9. Bd3 Qe7 10. Ng1 Nxg3 11. hxg3 Nd7 12. Ne2 Nf6 13. Qb3 a6 14. e4 b6 15. a4 Bb7
16. f3 Nd7 17. Nf1 h5 18. Ne3 h4 19. g4 c5 20. Kf2 Rc8 21. d5 Ne5 22. Rad1 O-O
23. Bc4 b5 24. axb5 axb5 25. Bxb5 f5 26. gxf5 c4 27. Bxc4 exf5 28. exf5 Nxc4 29.
Nxc4 Ba6 30. Ne3 Rfe8 31. Qb6 Bxe2 32. Kxe2 Rb8 0-1

[Event "Moscow Open A 2013"]
[Site "Moscow RUS"]
[Date "2013.02.07"]
[Round "6.5"]
[Board "5"]
[White "Durarbayli, Vasif"]
[Black "Khairullin, Ildar"]
[Result "0-1"]
[WhiteTitle "GM"]
[BlackTitle "GM"]
[WhiteElo "2598"]
[BlackElo "2650"]
[WhiteFideId "13402935"]
[BlackFideId "4151348"]
[EventDate "2013.02.02"]

1. e4 e5 2. Nf3 Nc6 3. Bb5 a6 4. Ba4 d6 5. c3 Bd7 6. d4 g6 7. O-O Bg7 8. d5 Nce7
9. Bxd7+ Qxd7 10. c4 h6 11. Nc3 f5 12. Ne1 Nf6 13. f3 O-O 14. Nd3 Rf7 15. Re1
Raf8 16. Be3 f4 17. Bf2 g5 18. c5 g4 19. cxd6 cxd6 20. Na4 h5 21. Rc1 Ng6 22.
Nb6 Qe7 23. Kf1 Bh6 24. Qa4 Nh7 25. Ke2 Ng5 26. Rc8 g3 27. Rxf8+ Qxf8 28. Rc1
Kh7 29. hxg3 fxg3 30. Be3 Nxf3 31. Nd7 Qg7 32. Bxh6 Kxh6 33. gxf3 Rxd7 34. Qb4
Qf6 35. Qd2+ Qg5 36. Rg1 Qxd2+ 37. Kxd2 h4 0-1

[Event "Moscow Open A 2013"]
[Site "Moscow RUS"]
[Date "2013.02.07"]
[Round "6.6"]
[Board "6"]
[White "Sandipan, Chanda"]
[Black "Najer, Evgeniy"]
[Result "1-0"]
[WhiteTitle "GM"]
[BlackTitle "GM"]
[WhiteElo "2590"]
[BlackElo "2647"]
[WhiteFideId "5004225"]
[BlackFideId "4118987"]
[EventDate "2013.02.02"]

1. d4 d5 2. c4 e6 3. Nf3 Nf6 4. g3 Bb4+ 5. Bd2 Be7 6. Bg2 O-O 7. O-O c6 8. Qc2
b6 9. Rd1 Nbd7 10. Bf4 Nh5 11. cxd5 Nxf4 12. dxc6 Nxg2 13. cxd7 Ne3 14. fxe3
Bxd7 15. Nc3 Rc8 16. Qd3 b5 17. a3 Qb6 18. b4 a5 19. Rab1 axb4 20. axb4 f5 21.
d5 Rfd8 22. Nd4 e5 23. d6 Qxd6 24. Nxf5 Bxf5 25. Qxf5 Qc6 26. Nd5 Bf8 27. e4 Qg6
28. Qxg6 hxg6 29. Rbc1 Ra8 30. Rd3 Rdc8 31. Rdc3 Rxc3 32. Rxc3 Ra2 33. Kf1 Rb2
34. Rc8 Kf7 35. Rb8 Bxb4 36. Rb7+ Kg8 37. Rxb5 Ba3 38. Rxb2 Bxb2 39. Ke1 Bd4 40.
Kd2 Bg1 41. Ne3 Kf7 42. Ng4 Bd4 43. e3 Ba7 44. Nxe5+ Kf6 45. Nf3 Ke6 46. Nd4+ 1-0

[Event "Moscow Open A 2013"]
[Site "Moscow RUS"]
[Date "2013.02.07"]
[Round "6.7"]
[Board "7"]
[White "Savchenko, Boris"]
[Black "Iturrizaga, Eduardo"]
[Result "1-0"]
[WhiteTitle "GM"]
[BlackTitle "GM"]
[WhiteElo "2584"]
[BlackElo "2646"]
[WhiteFideId "4147332"]
[BlackFideId "3901211"]
[EventDate "2013.02.02"]

1. c4 c5 2. b3 b6 3. Nf3 Bb7 4. Bb2 Nf6 5. g3 Bxf3 6. exf3 Nc6 7. Nc3 e6 8. Ne2
d5 9. cxd5 Qxd5 10. Nf4 Qd7 11. Bb5 a6 12. Bxc6 Qxc6 13. Rc1 Bd6 14. Ng2 Be7 15.
Qe2 O-O 16. O-O Rfd8 17. Ne3 Qb5 18. Nc4 Nd5 19. d4 cxd4 20. Bxd4 Nf4 21. Qe4
Ne2+ 22. Qxe2 Rxd4 23. Rfd1 Rad8 24. f4 Bc5 25. Rxd4 Bxd4 26. Qe4 g6 27. Ne5 Rd5
28. Nf3 Bc5 29. Kg2 a5 30. Ne5 Rd2 31. Ng4 Qe2 32. Qxe2 Rxe2 33. a4 h5 34. Kf1
Rb2 35. Nf6+ Kg7 36. Ne4 Bd4 37. Rc7 Kf8 38. Rd7 e5 39. fxe5 Bxe5 40. Rd5 Bg7
41. Rd3 Rb1+ 42. Ke2 Rb2+ 43. Ke3 Rc2 44. Rd6 Bh6+ 45. Kd3 Rb2 46. Kc4 Re2 47.
Kd5 Bd2 48. Nxd2 Rxd2+ 49. Kc6 Rxf2 50. Kxb6 Rxh2 51. Kxa5 Rh3 52. b4 Rxg3 53.
b5 h4 54. b6 Rb3 55. Ka6 Ke7 56. Rd1 g5 57. a5 g4 58. Kb7 g3 59. a6 g2 60. a7
Ra3 61. a8=Q Rxa8 62. Kxa8 h3 63. b7 h2 64. b8=Q 1-0

[Event "Moscow Open A 2013"]
[Site "Moscow RUS"]
[Date "2013.02.07"]
[Round "6.8"]
[Board "8"]
[White "Ganguly, Surya Shekhar"]
[Black "Panarin, Mikhail"]
[Result "1-0"]
[WhiteTitle "GM"]
[BlackTitle "GM"]
[WhiteElo "2626"]
[BlackElo "2552"]
[WhiteFideId "5002150"]
[BlackFideId "4153251"]
[EventDate "2013.02.02"]

1. Nf3 Nf6 2. c4 e6 3. g3 d5 4. d4 dxc4 5. Bg2 Nc6 6. O-O Rb8 7. Nc3 b5 8. Ne5
Nxe5 9. dxe5 Nd7 10. Bc6 a6 11. Qd4 Bb7 12. Bxb7 Rxb7 13. Rd1 Qc8 14. a4 Be7 15.
axb5 axb5 16. Qg4 Kf8 17. Rxd7 Qxd7 18. Ra8+ Bd8 19. Qf3 b4 20. Bg5 bxc3 21.
Bxd8 f5 22. Bg5+ Kf7 23. Rxh8 Kg6 24. Qxb7 1-0

[Event "Moscow Open A 2013"]
[Site "Moscow RUS"]
[Date "2013.02.07"]
[Round "6.11"]
[Board "11"]
[White "Svetushkin, Dmitry"]
[Black "Matinian, Nikita"]
[Result "0-1"]
[WhiteTitle "GM"]
[BlackTitle "IM"]
[WhiteElo "2612"]
[BlackElo "2460"]
[WhiteFideId "13900463"]
[BlackFideId "24129100"]
[EventDate "2013.02.02"]

1. d4 Nf6 2. c4 g6 3. f3 Bg7 4. e4 d6 5. Nc3 O-O 6. Be3 Nc6 7. Nge2 a6 8. Qd2
Re8 9. g4 Rb8 10. h4 h5 11. g5 Nd7 12. f4 b5 13. f5 e5 14. f6 exd4 15. Nxd4 Nxd4
16. Bxd4 b4 17. Ne2 c5 18. Bf2 Nxf6 19. gxf6 Qxf6 20. Ng3 b3 21. axb3 Rxb3 22.
Ra2 Rxg3 23. Bxg3 Rxe4+ 24. Be2 Qf3 0-1

[Event "Moscow Open A 2013"]
[Site "Moscow RUS"]
[Date "2013.02.07"]
[Round "6.13"]
[Board "13"]
[White "Amonatov, Farrukh"]
[Black "Harika, Dronavalli"]
[Result "1-0"]
[WhiteTitle "GM"]
[BlackTitle "GM"]
[WhiteElo "2625"]
[BlackElo "2514"]
[WhiteFideId "14700077"]
[BlackFideId "5015197"]
[EventDate "2013.02.02"]

1. e4 e5 2. Nf3 Nc6 3. d4 exd4 4. Nxd4 Nf6 5. Nxc6 bxc6 6. e5 Qe7 7. Qe2 Nd5 8.
Nd2 g6 9. Nf3 Qb4+ 10. Qd2 Rb8 11. c3 Qe4+ 12. Qe2 Qxe2+ 13. Bxe2 Bg7 14. O-O
O-O 15. c4 Ba6 16. Rd1 Nb6 17. b3 d6 18. Be3 dxe5 19. Ng5 Rbd8 20. a4 Nd5 21.
Bc5 Rfe8 22. Bf3 Nc3 23. Rxd8 Rxd8 24. Ne4 Nxe4 25. Bxe4 f5 26. Bxc6 e4 27. Rc1
Bb2 28. Rb1 Bd4 29. Be7 Rb8 30. Bd5+ Kg7 31. b4 e3 32. b5 Re8 33. Bg5 exf2+ 34.
Kf1 h6 35. Bh4 Bc8 36. Bxf2 Bxf2 37. Kxf2 Rd8 38. Ke3 Kf6 39. Kd4 g5 40. a5 Be6
41. b6 cxb6 42. axb6 Bxd5 43. cxd5 axb6 44. Rxb6+ Kg7 45. Ke5 f4 46. d6 Re8+ 47.
Kd5 g4 48. Rb4 Rf8 49. d7 h5 50. Rxf4 Rxf4 51. d8=Q Kg6 52. Ke5 Rf5+ 53. Ke6 Rf4
54. Qd3+ Kg7 55. Qf5 Rxf5 56. Kxf5 Kh6 57. Ke4 1-0

[Event "Moscow Open A 2013"]
[Site "Moscow RUS"]
[Date "2013.02.07"]
[Round "6.14"]
[Board "14"]
[White "Gupta, Abhijeet"]
[Black "Iljushin, Alexei"]
[Result "1/2-1/2"]
[WhiteTitle "GM"]
[BlackTitle "GM"]
[WhiteElo "2612"]
[BlackElo "2508"]
[WhiteFideId "5010608"]
[BlackFideId "4122178"]
[EventDate "2013.02.02"]

1. d4 e6 2. c4 f5 3. Nc3 Nf6 4. Qc2 Be7 5. Nf3 O-O 6. h3 c5 7. d5 Na6 8. g3 b5
9. dxe6 d5 10. cxb5 Nb4 11. Qb1 d4 12. a3 dxc3 13. axb4 cxb4 14. bxc3 Ne4 15.
cxb4 Qb6 16. Be3 Qxb5 17. Bg2 Qxb4+ 18. Qxb4 Bxb4+ 19. Kf1 Bxe6 20. Nd4 Bd5 21.
Nb5 a5 22. Nc7 Rad8 23. Nxd5 Rxd5 24. Bxe4 fxe4 25. Kg2 Rc8 26. Ra2 Kf7 27. Rha1
Rc6 28. Rb2 Ke6 29. Ra4 Rc4 30. Rb1 Kd7 31. Bb6 Rc2 32. Raxb4 axb4 33. Rxb4 Rxe2
34. Be3 Ke6 35. Kf1 Rxe3 36. fxe3 Ke5 37. Rb7 Kf6 38. Rb6+ Ke5 39. Rb7 Kf6 40.
Rb6+ Ke5 1/2-1/2

[Event "Moscow Open A 2013"]
[Site "Moscow RUS"]
[Date "2013.02.07"]
[Round "6.15"]
[Board "15"]
[White "Rakhmanov, Aleksandr"]
[Black "Kovalev, Vladislav"]
[Result "0-1"]
[WhiteTitle "GM"]
[BlackTitle "IM"]
[WhiteElo "2612"]
[BlackElo "2500"]
[WhiteFideId "4173708"]
[BlackFideId "13504398"]
[EventDate "2013.02.02"]

1. b3 c5 2. c4 Nf6 3. Bb2 e6 4. g3 Be7 5. Bg2 d5 6. Nf3 d4 7. b4 O-O 8. O-O a5
9. b5 Nbd7 10. d3 e5 11. Nbd2 Nh5 12. e3 g6 13. Re1 f5 14. exd4 exd4 15. Ne5
Nxe5 16. Rxe5 Bd6 17. Re1 Nf6 18. Nf3 Qc7 19. Ng5 h6 20. Ne6 Bxe6 21. Rxe6 Rae8
22. Rxe8 Rxe8 23. b6 Qe7 24. Qf3 Qe2 25. Rb1 Qc2 26. Qd1 Qxd1+ 27. Rxd1 Re2 28.
Bc1 Rxa2 29. Bxb7 g5 30. Bc6 a4 31. Kf1 Ng4 32. Bd2 a3 33. Ba4 Rb2 34. Ke2 a2
35. Ra1 Nxh2 36. Bd7 Nf1 0-1

[Event "Moscow Open A 2013"]
[Site "Moscow RUS"]
[Date "2013.02.08"]
[Round "7.2"]
[Board "2"]
[White "Smirnov, Pavel"]
[Black "Nepomniachtchi, Ian"]
[Result "1/2-1/2"]
[WhiteTitle "GM"]
[BlackTitle "GM"]
[WhiteElo "2618"]
[BlackElo "2703"]
[WhiteFideId "4123425"]
[BlackFideId "4168119"]
[EventDate "2013.02.02"]

1. d4 Nf6 2. c4 g6 3. Nc3 d5 4. Nf3 Bg7 5. cxd5 Nxd5 6. e4 Nxc3 7. bxc3 c5 8.
Rb1 O-O 9. Be2 b6 10. O-O Qd7 11. d5 Qc7 12. c4 Nd7 13. Bg5 e5 14. Be7 Re8 15.
d6 Qb7 16. Qd3 Bf6 17. Bxf6 Nxf6 18. Nd2 Bd7 19. f4 Bc6 20. fxe5 Nd7 21. Qg3
Rxe5 22. Bg4 Ree8 23. Bxd7 Qxd7 24. e5 Re6 25. Rbe1 Rae8 26. Nf3 f6 27. exf6
Rxf6 28. Rxe8+ Qxe8 29. Ne5 Rxf1+ 30. Kxf1 Bd7 31. Qf4 Qe6 32. h3 Kg7 33. Nf3
Qf6 34. Qd2 Qe6 35. Qc3+ Qf6 36. Qd2 Qe6 37. Qc3+ Kg8 38. Qd3 Kf8 39. Kf2 Bc6
40. Qc3 Qxd6 1/2-1/2

[Event "Moscow Open A 2013"]
[Site "Moscow RUS"]
[Date "2013.02.08"]
[Round "7.3"]
[Board "3"]
[White "Maletin, Pavel"]
[Black "Mamedov, Rauf"]
[Result "1/2-1/2"]
[WhiteTitle "GM"]
[BlackTitle "GM"]
[WhiteElo "2571"]
[BlackElo "2651"]
[WhiteFideId "4146786"]
[BlackFideId "13401653"]
[EventDate "2013.02.02"]

1. Nf3 Nf6 2. c4 g6 3. g3 c6 4. d4 d5 5. b3 Bg7 6. Bg2 O-O 7. O-O Ne4 8. Bb2 Bf5
9. Nc3 Nxc3 10. Bxc3 Be4 11. e3 Nd7 12. Qe2 e6 13. Rfc1 Re8 14. Bh3 dxc4 15.
bxc4 c5 16. Nd2 cxd4 17. Bxd4 e5 18. Bb2 Bc6 19. Nb3 a5 20. Rd1 Qc7 21. Ba3 Bf8
22. Bxf8 Nxf8 23. Bg2 a4 24. Nd2 e4 25. Nb1 Qe5 26. Na3 Rad8 27. Nb5 Ne6 28.
Rab1 Kg7 29. Qc2 Nc5 30. Rxd8 Rxd8 31. Nd4 Kg8 32. Rd1 Rd6 33. Nxc6 bxc6 34.
Rxd6 Qxd6 35. Bxe4 Qf6 36. Kg2 a3 37. Bf3 Qb2 38. Qd1 Qxa2 39. Qd8+ Kg7 40. Qd4+
Kg8 41. Qd8+ 1/2-1/2

[Event "Moscow Open A 2013"]
[Site "Moscow RUS"]
[Date "2013.02.08"]
[Round "7.8"]
[Board "8"]
[White "Goganov, Aleksey"]
[Black "Amonatov, Farrukh"]
[Result "1-0"]
[WhiteTitle "IM"]
[BlackTitle "GM"]
[WhiteElo "2550"]
[BlackElo "2625"]
[WhiteFideId "24109959"]
[BlackFideId "14700077"]
[EventDate "2013.02.02"]

1. d4 Nf6 2. c4 c6 3. Nc3 d5 4. cxd5 cxd5 5. Bf4 Nc6 6. e3 Bg4 7. f3 Bd7 8. Bd3
e6 9. Bg5 Be7 10. Bh4 Qb6 11. Nge2 Ne4 12. Bxe7 Nxc3 13. bxc3 Nxe7 14. O-O O-O
15. Qb1 Qxb1 16. Raxb1 b6 17. Rfc1 Rfc8 18. c4 dxc4 19. Bxc4 Kf8 20. Kf2 Rab8
21. Ba6 Rxc1 22. Rxc1 Bc6 23. Bd3 b5 24. e4 a5 25. Rc5 h6 26. Ke3 Ke8 27. d5
exd5 28. Nd4 Ba8 29. Bxb5+ Kd8 30. Ba4 dxe4 31. fxe4 Rb2 32. Rxa5 Bb7 33. Bc2
Nc6 34. Nxc6+ Bxc6 35. Rc5 Kd7 36. a3 Kd6 37. Rc3 f6 38. h4 Ra2 39. g3 Ra1 40.
Kd4 Re1 41. Re3 Rc1 42. Bb3 Ra1 43. Bd5 Bd7 44. Rb3 Rd1+ 45. Ke3 Re1+ 46. Kd4
Rd1+ 47. Ke3 Re1+ 48. Kf2 Ra1 49. Rb6+ Ke5 50. Rb7 Kd6 51. Ra7 g5 52. h5 Rh1 53.
Ra6+ Ke5 54. Rxf6 Kxf6 55. e5+ Kxe5 56. Bxh1 g4 57. Ke3 Be8 58. Bb7 Kf5 59. Be4+
Ke5 60. Bg6 Ba4 61. Kd3 Bb5+ 62. Kc3 Bc6 63. Kd3 Bb5+ 64. Ke3 Ba4 65. Bf7 Bb5
66. Bb3 Be8 67. a4 Bxh5 68. a5 Be8 69. a6 Bc6 70. Bc4 Ba8 71. Bf7 Bc6 72. Bh5
Kf5 73. Kd4 Bb5 74. a7 Bc6 75. Bf7 1-0

[Event "Moscow Open A 2013"]
[Site "Moscow RUS"]
[Date "2013.02.08"]
[Round "7.10"]
[Board "10"]
[White "Gabuzyan, Hovhannes"]
[Black "Vorobiov, Evgeny E."]
[Result "1/2-1/2"]
[WhiteTitle "GM"]
[BlackTitle "GM"]
[WhiteElo "2517"]
[BlackElo "2584"]
[WhiteFideId "13303732"]
[BlackFideId "4121341"]
[EventDate "2013.02.02"]

1. c4 Nf6 2. d4 g6 3. Nf3 Bg7 4. g3 c6 5. Nc3 d5 6. cxd5 cxd5 7. Bg2 Ne4 8. Qb3
Nxc3 9. bxc3 O-O 10. Ba3 Re8 11. Nd2 e6 12. e3 Nc6 13. O-O Na5 14. Qb5 Bd7 15.
Qb2 Rc8 16. Rfc1 b5 17. Bc5 Bf8 18. Nb3 Nxb3 19. axb3 a5 20. b4 a4 21. f4 f5 22.
Bf1 Bc6 23. Bd3 h5 24. Qe2 Rb8 25. h3 Kf7 26. Rc2 Be7 27. Rb1 Rh8 28. Qf3 Qd7
29. h4 Rh7 30. Kh2 Rhh8 31. Kg1 Rh7 32. Kh2 Rhh8 33. Kg1 1/2-1/2

[Event "Moscow Open A 2013"]
[Site "Moscow RUS"]
[Date "2013.02.08"]
[Round "7.11"]
[Board "11"]
[White "Gabrielian, Artur"]
[Black "Tarlev, Konstantin"]
[Result "1-0"]
[WhiteTitle "GM"]
[BlackTitle "IM"]
[WhiteElo "2579"]
[BlackElo "2541"]
[WhiteFideId "4131002"]
[BlackFideId "14114089"]
[EventDate "2013.02.02"]

1. e4 e5 2. Nf3 Nf6 3. Nxe5 d6 4. Nf3 Nxe4 5. d4 Bg4 6. Bd3 Nf6 7. h3 Bh5 8. Nc3
Be7 9. Be3 Nbd7 10. g4 Bg6 11. g5 Nh5 12. Qd2 c6 13. d5 Bxd3 14. Qxd3 c5 15.
O-O-O O-O 16. Rde1 Re8 17. Bd2 Bf8 18. Rxe8 Qxe8 19. Re1 Qd8 20. Qe2 g6 21. Nh2
Ng7 22. Ng4 Nf5 23. Qb5 Bg7 24. Qxb7 Ne5 25. Ne4 Nxg4 26. hxg4 Rb8 27. Qa6 Bxb2+
28. Kd1 Ng7 29. c3 Ne8 30. Qa4 Kg7 31. Kc2 Rb7 32. Nxc5 dxc5 33. Rxe8 Qxd5 34.
Qa6 1-0

[Event "Moscow Open A 2013"]
[Site "Moscow RUS"]
[Date "2013.02.08"]
[Round "7.14"]
[Board "14"]
[White "Iturrizaga, Eduardo"]
[Black "Narayanan, Srinath"]
[Result "1-0"]
[WhiteTitle "GM"]
[BlackTitle "IM"]
[WhiteElo "2646"]
[BlackElo "2434"]
[WhiteFideId "3901211"]
[BlackFideId "5018420"]
[EventDate "2013.02.02"]

1. d4 Nf6 2. Nf3 e6 3. c4 b6 4. e3 Bb7 5. Bd3 d5 6. b3 Bd6 7. O-O O-O 8. Bb2
Nbd7 9. Nbd2 Re8 10. Ne5 Bxe5 11. dxe5 Ne4 12. Bxe4 dxe4 13. Qg4 Nc5 14. Rfd1
Qe7 15. Ba3 g6 16. Nxe4 Bxe4 17. Bxc5 Qxc5 18. Qxe4 Rad8 19. Rd4 Qa5 20. h4 c5
21. Rd3 Qa3 22. Rd6 Qb2 23. Rad1 Rxd6 24. exd6 Rd8 25. Qf3 Kg7 26. h5 Rd7 27.
Qc6 Qe2 28. Rf1 Rd8 29. Qc7 Ra8 30. d7 Qd3 31. Qc8 1-0

[Event "Moscow Open A 2013"]
[Site "Moscow RUS"]
[Date "2013.02.08"]
[Round "7.15"]
[Board "15"]
[White "Najer, Evgeniy"]
[Black "Hayrapetyan, Hovik"]
[Result "1/2-1/2"]
[WhiteTitle "GM"]
[BlackTitle "IM"]
[WhiteElo "2647"]
[BlackElo "2500"]
[WhiteFideId "4118987"]
[BlackFideId "13302639"]
[EventDate "2013.02.02"]

1. e4 c5 2. Nf3 e6 3. d4 cxd4 4. Nxd4 a6 5. Be3 Qc7 6. Bd3 Nf6 7. O-O Nc6 8.
Nxc6 dxc6 9. f4 e5 10. f5 b5 11. a4 Bb7 12. Nd2 Be7 13. Qe2 O-O 14. c4 Rfd8 15.
Bc2 Nd7 16. Qf2 Bc5 17. Bxc5 Nxc5 18. Qxc5 Rxd2 19. cxb5 axb5 20. axb5 Rxa1 21.
Rxa1 Qd8 22. Kh1 cxb5 23. h3 h6 24. Qxb5 Rxc2 25. Qxb7 Qd2 26. Qb8+ Kh7 27. Rg1
f6 28. Qe8 Qg5 29. b4 Rc4 30. b5 Rxe4 31. b6 Rb4 32. Qe6 Rb2 33. Qc6 Qxf5 34. b7
Qf4 35. Rd1 e4 36. Qd5 f5 37. Rg1 e3 38. Qe6 Qe4 39. Qxe4 fxe4 40. Re1 Kg6 41.
Rxe3 Kf5 42. Kg1 Rxb7 43. Re2 Kf4 44. Kf2 Rb3 45. Ra2 g5 46. Ra6 e3+ 47. Ke2
Rb2+ 48. Ke1 Kg3 49. Rxh6 Rxg2 50. Rh8 Kh2 51. Rh5 Rg3 52. Kf1 Kh1 53. h4 g4 54.
Rg5 Kh2 55. h5 Rg1+ 56. Ke2 Kg3 57. h6 Rh1 58. Rg6 Kf4 59. Rf6+ Ke5 60. Rg6 Kf5
61. Rg7 Kf4 62. Rf7+ Ke4 63. Re7+ Kf4 64. Rf7+ Kg3 65. h7 Kg2 66. Kxe3 g3 67.
Kf4 Rh4+ 1/2-1/2

[Event "Moscow Open A 2013"]
[Site "Moscow RUS"]
[Date "2013.02.09"]
[Round "8.1"]
[Board "1"]
[White "Kokarev, Dmitry"]
[Black "Savchenko, Boris"]
[Result "1/2-1/2"]
[WhiteTitle "GM"]
[BlackTitle "GM"]
[WhiteElo "2635"]
[BlackElo "2584"]
[WhiteFideId "4132181"]
[BlackFideId "4147332"]
[EventDate "2013.02.02"]

1. e4 e6 2. d4 d5 3. Nc3 Nf6 4. e5 Nfd7 5. f4 c5 6. Nf3 Nc6 7. Be3 a6 8. Qd2 b5
9. a3 Qa5 10. dxc5 Bxc5 11. Bxc5 Nxc5 12. Nd4 Nxd4 13. Qxd4 Ne4 14. b4 Qc7 15.
Nxe4 dxe4 16. c4 bxc4 17. Rc1 O-O 18. Bxc4 Bb7 19. Qe3 Rfd8 20. Bxe6 Qe7 21. Bc4
Qh4+ 22. g3 Qh3 23. Bf1 Qe6 24. Bc4 Qh3 25. Bf1 Qe6 26. Bc4 Qh3 1/2-1/2

[Event "Moscow Open A 2013"]
[Site "Moscow RUS"]
[Date "2013.02.09"]
[Round "8.2"]
[Board "2"]
[White "Nepomniachtchi, Ian"]
[Black "Ponkratov, Pavel"]
[Result "1-0"]
[WhiteTitle "GM"]
[BlackTitle "GM"]
[WhiteElo "2703"]
[BlackElo "2584"]
[WhiteFideId "4168119"]
[BlackFideId "4157800"]
[EventDate "2013.02.02"]

1. d4 Nf6 2. c4 c5 3. d5 g6 4. Nc3 Bg7 5. e4 d6 6. h3 O-O 7. Nf3 e6 8. Bd3 exd5
9. cxd5 b5 10. Nxb5 Re8 11. O-O Nxe4 12. Re1 a6 13. Na3 Nf6 14. Nc4 Rxe1+ 15.
Nxe1 Bb7 16. Bf4 Bf8 17. Ne3 Nbd7 18. Be2 Qe7 19. N1c2 Re8 20. Bf3 Ne5 21. Bg5
h6 22. Bh4 Bg7 23. Be2 Qc7 24. Na3 Ne4 25. f3 Nf6 26. Bf2 Nh5 27. Bf1 Qd8 28.
Qb3 Bc8 29. Ng4 Nf4 30. Nc4 Nxc4 31. Qxc4 g5 32. Rb1 Bb7 33. Rd1 h5 34. Ne3 Bxb2
35. Qa4 Bf6 36. Rb1 Bc8 37. Rb8 Qe7 38. Nf5 Qd7 39. Qc6 Rd8 40. Nxd6 Qxd6 41.
Rxc8 Kg7 42. Rxd8 Qxd8 43. d6 Bd4 44. Bxd4+ cxd4 45. Qc7 Qf6 46. d7 Ne6 47. Qd6
a5 48. a4 h4 49. Qd5 Qd8 50. Qd6 Qf6 51. Qd5 Qd8 52. Qe5+ Kf8 53. Qd6+ Qe7 54.
Qd5 Qd8 55. f4 gxf4 56. Bb5 f3 57. Qxf3 Qg5 58. Qa3+ Kg7 59. Bc4 Nf8 60. Bb5 Ne6
61. Qd6 Qe3+ 62. Kh1 Qg5 63. Be2 Qf6 64. Kg1 Nd8 65. Qd5 Qf4 66. Qxa5 Qe3+ 67.
Kf1 Qf4+ 68. Bf3 Qc1+ 69. Qe1 Qc4+ 70. Kg1 d3 71. Qe5+ Kf8 72. a5 Ne6 73. Qh8+
Ke7 74. Qe8+ 1-0

[Event "Moscow Open A 2013"]
[Site "Moscow RUS"]
[Date "2013.02.09"]
[Round "8.3"]
[Board "3"]
[White "Mamedov, Rauf"]
[Black "Kovalenko, Igor"]
[Result "1-0"]
[WhiteTitle "GM"]
[BlackTitle "GM"]
[WhiteElo "2651"]
[BlackElo "2586"]
[WhiteFideId "13401653"]
[BlackFideId "14117908"]
[EventDate "2013.02.02"]

1. Nf3 Nf6 2. g3 d5 3. Bg2 g6 4. c4 Bg7 5. cxd5 Nxd5 6. Nc3 Nb6 7. O-O Nc6 8. d3
O-O 9. Be3 e5 10. Rc1 h6 11. a3 Re8 12. Ne4 Nd4 13. Bd2 Nd5 14. e3 Nxf3+ 15.
Qxf3 c6 16. Qd1 a5 17. Qc2 Kh7 18. Nc5 b6 19. Na4 Bd7 20. h4 Rb8 21. h5 gxh5 22.
d4+ Kh8 23. dxe5 Bxe5 24. Nc3 h4 25. Nxd5 cxd5 26. Bc3 hxg3 27. fxg3 f5 28. Rcd1
Rc8 29. Rxd5 Bxc3 30. bxc3 Qe7 31. Qd2 Be6 32. Qd4+ Qg7 33. Re5 Red8 34. Qf4 Rc4
35. e4 Bc8 36. Kh2 Rf8 37. Rb5 Rf6 38. Rd1 Qf7 39. Rd6 Rxd6 40. Qxd6 fxe4 41.
Re5 Bd7 42. Bxe4 Rc5 43. Qxh6+ Kg8 44. Qg5+ Kf8 45. Qd8+ Be8 46. Qd6+ 1-0

[Event "Moscow Open A 2013"]
[Site "Moscow RUS"]
[Date "2013.02.09"]
[Round "8.6"]
[Board "6"]
[White "Guseinov, Gadir"]
[Black "Goganov, Aleksey"]
[Result "1/2-1/2"]
[WhiteTitle "GM"]
[BlackTitle "IM"]
[WhiteElo "2623"]
[BlackElo "2550"]
[WhiteFideId "13401378"]
[BlackFideId "24109959"]
[EventDate "2013.02.02"]

1. e4 e5 2. Nf3 Nc6 3. Bb5 Nf6 4. O-O Nxe4 5. d4 Nd6 6. Bxc6 dxc6 7. dxe5 Nf5 8.
Qxd8+ Kxd8 9. h3 Bd7 10. Rd1 Kc8 11. a4 a5 12. g4 Ne7 13. Ra3 Be6 14. Rad3 b6
15. Ng5 Kb7 16. Nxe6 fxe6 17. Rd8 Rxd8 18. Rxd8 Ng6 19. Re8 Nxe5 20. Rxe6 Bd6
21. Kg2 Ng6 22. Nc3 Bf4 23. Be3 Rf8 24. Ne2 Be5 25. b3 c5 26. c4 Nh4+ 27. Kf1
Ng6 28. Kg2 Nh4+ 29. Kh1 Ng6 30. f4 Bxf4 31. Nxf4 Nxf4 32. Bxf4 Rxf4 33. Re7 Rf3
34. Kg2 Rxb3 35. Rxg7 Rb2+ 36. Kf1 Rb4 37. Rxh7 Rxa4 38. g5 Rxc4 39. g6 Rf4+ 40.
Ke2 Rf6 41. Rh6 Ka7 42. Kd3 Rf3+ 43. Ke2 Rf6 44. h4 a4 1/2-1/2